Responses for Show #811 - Monday, February 29, 1988

Missing Marge's occupation.

Contestants

[<< previous game]

Marge Stratmann, from New York City, New York

Jeff Liebster, an attorney and broker from Sherman Oaks, California

Michael Shutterly, a bank officer from Elkridge, Maryland (whose 2-day cash winnings total $25,400)

Jeopardy! Round responses

U.S. STATES
ANTIQUES
ACCORDING TO SPOCK
PEOPLE
4-LETTER WORDS
FAMOUS ALLIGATORS
    $100 5
New Mexico

Michael
    $100 13
a stork

Jeff
    $100 18
to the right

Michael
    $100 19
a fret

Michael
    $100 23
see you later

Marge
    $200 4
Rhode Island

Michael
    $200 20
thumbsucking

Michael
    $200 12
Ted Turner

Marge
    $200 16
(Marge: What is a bulb?)

a lamp

MichaelMarge
    $200 24
Florida

Jeff
    $300 1
Pennsylvania

Jeff
    $300 26
a crazy quilt

Marge
    $300 15
2

Jeff
    $300 6
Shirley MacLaine

Michael
    $300 9
a nick

Jeff
    $300 25
(Jeff: What is the alligator fruit?)

the alligator pear

MichaelJeff
    $400 2
(Alex: Yes, in Atlanta.)

Georgia

Michael
    $400 27
toys

Triple Stumper
    $400 21
(Michael: Uh, what is 2 p.m.?)
(Marge: What is after a meal?)
...
(Alex: After a meal babies should take a nap, just the same as I do.)
[Laughter]

before a meal

MichaelJeffMarge
    $400 7
(Mikhail) Baryshnikov

Jeff
    $400 10
past

Jeff
    $400 14
Albert

Michael
    $500 3
Michigan

Jeff
    $500 28
[The end-of-round signal sounds.]

Williamsburg

Michael
    $1,000 22
(Alex: We've got one minute to go in this round.)

socialization or how to live in society (how to get along with other people)

Jeff
    $500 17
presidential press conferences

Jeff
    $500 11
mead

Michael
    $500 8
Lacoste (Izod)

Michael

Scores at the first commercial break (after clue 16):

Michael Jeff Marge
$2,600 $2,300 $0

Scores at the end of the Jeopardy! Round:

Michael Jeff Marge
$3,400 $4,100 $0

Double Jeopardy! Round responses

WORLD GEOGRAPHY
MAN IN SPACE
AUCTIONS
PLAYS
THE PAPACY
GOOD "GUY"s
    $200 7
the Sinai Peninsula

Jeff
    $200 21
[Yes, "pencilled" had a double L.]

Space Shuttle flights

Michael
    $200 13
the banging of the gavel

Marge
    $200 25
[The end-of-round signal sounds.]

One Flew Over the Cuckoo's Nest

Jeff
    $200 10
John Paul II

Jeff
    $200 23
Guy Williams

Michael
    $400 6
the steppes

Jeff
    $400 22
(Alex: We've got a minute to go in the round.)

Jupiter

Jeff
    $400 16
Parke-Bernet

Marge
    $400 9
white

Michael
    $400 24
"This Guy's In Love With You"

Michael
    $600 1
6

Marge
    $600 3
the European Space Agency

Michael
    $600 17
(2 of) by proxy (a representative of Christie's) and by mail (or telephone)

Marge
    $600 20
Robert Shaw

Michael
    $600 4
(Marge: What is the white [*].)
(Alex: [*], yes, they're looking for white [*], but it's often dark, as you know.)

smoke

Marge
    $600 8
(Guy) de Maupassant

Michael
    $800 2
(Alex: The country is Oman.)

Asia

Michael
    $800 19
Sherlock Holmes

Triple Stumper
    $800 14
antipopes

Michael
    $800 11
(Marge: What is "Good guys finish last"?)

Nice guy finish last

JeffMarge
    $1000 5
(Michael: What was the route of the treasure ships to Spain?)

the mainland of South America

Michael
Triple Stumper
    $1000 18
Agnes of God

Triple Stumper
    $1,500 15
(Michael: What is [*]?)
(Alex: Which is Latin for ([*]) and which is absolutely right.)
[Alex does not name all eight.]

(1 of) Pontifex Maximus (Supreme Pontiff) (or Vicar of Jesus Christ, Bishop of Rome, Supreme Sovereign of Vatican City)

Michael
    $1000 12
Good Guys Wear Black

Triple Stumper

Scores at the end of the Double Jeopardy! Round:

Michael Jeff Marge
$8,500 $6,300 $1,600

[wagering suggestions for these scores]

Final Jeopardy! Round responses

WOMEN IN HISTORY
MargeWho is Florence Nightingale?
$1,600
JeffWho is Florence Nightingale?
$6,300
MichaelWho was Florence Nightingale?
$4,101
Florence Nightingale

Final scores:

Michael Jeff Marge
$12,601 $12,600 $3,200
3-day champion: $38,001 2nd place: La-Z-Boy sleep sofa & Armstrong carpet 3rd place: Brother Compactronic AX-33 typewriter

Game dynamics:

Coryat scores:

Michael Jeff Marge
$8,000 $5,800 $1,600
23 R
(including 2 DDs),
2 W
17 R
(including 1 DD),
1 W
8 R,
3 W

Combined Coryat: $15,400

[game clues] [game scores] [suggest correction]

Game tape date: 1987-11-10
The J! Archive is created by fans, for fans. Scraping, republication, monetization, and malicious use prohibited; this site may use cookies and collect identifying information. See terms. The Jeopardy! game show and all elements thereof, including but not limited to copyright and trademark thereto, are the property of Jeopardy Productions, Inc. and are protected under law. This website is not affiliated with, sponsored by, or operated by Jeopardy Productions, Inc. Join the discussion at JBoard.tv.